[Event "2. Bundesliga Ost 2017/2018"]
[Site "alle Wien"]
[Date "2017.10.22"]
[Round "2"]
[Board "2"]
[White "Schneider-Zinner, Harald"]
[Black "Pingitzer, Harald"]
[Result "0-1"]
[WhiteElo "2408"]
[BlackElo "2330"]
[PlyCount "88"]
[EventDate "2017.10.21"]
[EventType "team"]
[EventRounds "11"]
[EventCountry "AUT"]
[WhiteTeam "L.A. Kraftanlage Ottakring 2"]
[BlackTeam "SC Donaustadt"]

1. d4 d5 2. c4 c6 3. Nf3 Nf6 4. Qb3 dxc4 5. Qxc4 Bf5 6. g3 e6 7. Bg2 Nbd7 8.
O-O Be7 9. e3 O-O 10. Qe2 Qa5 11. Nbd2 c5 12. Nc4 Qa6 13. b3 Be4 14. Bb2 Rfd8
15. Rfd1 Rac8 16. Bf1 b6 17. Ng5 Ba8 18. e4 Qb7 19. d5 exd5 20. exd5 Nxd5 21.
Qh5 Bxg5 22. Nd6 N7f6 23. Nxb7 Nxh5 24. Nxd8 Rxd8 25. Bg2 Bf6 26. Bxf6 Nhxf6
27. Rd2 Re8 28. a4 Nc7 29. Bxa8 Rxa8 30. a5 Rb8 31. axb6 axb6 32. Ra7 Nfd5 33.
Kf1 Kf8 34. Ke2 Nc3+ 35. Kd3 N3b5 36. Ra1 Rd8+ 37. Kc2 Nd4+ 38. Kb2 Ke7 39. Ra7
Kd6 40. b4 Re8 41. Ra1 Re7 42. Kc3 Kd5 43. bxc5 Ncb5+ 44. Kd3 bxc5  0-1

[Event "2. Bundesliga Ost 2017/2018"]
[Site "alle Wien"]
[Date "2017.10.22"]
[Round "2"]
[Board "3"]
[White "Exler, Veronika"]
[Black "Gstach, Jakob"]
[Result "0-1"]
[WhiteElo "2175"]
[BlackElo "2285"]
[PlyCount "84"]
[EventDate "2017.10.21"]
[EventType "team"]
[EventRounds "11"]
[EventCountry "AUT"]
[WhiteTeam "SC Donaustadt"]
[BlackTeam "L.A. Kraftanlage Ottakring 2"]

1. d4 g6 2. g3 Bg7 3. Bg2 d6 4. e4 Nf6 5. Ne2 O-O 6. O-O e5 7. Nbc3 c6 8. dxe5
dxe5 9. Qxd8 Rxd8 10. Bg5 h6 11. Rad1 Rxd1 12. Rxd1 Bd7 13. Be3 Na6 14. Nc1 Be6
15. f3 Bf8 16. Nb3 b6 17. a3 Nd7 18. Bf1 Nac5 19. Nxc5 Bxc5 20. Bxc5 Nxc5 21.
b4 Nb7 22. Ba6 Rb8 23. a4 Kf8 24. f4 exf4 25. gxf4 Ke7 26. Bxb7 Rxb7 27. Ne2 c5
28. b5 a6 29. Nc3 axb5 30. Nxb5 Rd7 31. Rxd7+ Kxd7 32. Kf2 Kc6 33. Ke3 Kb7 34.
h4 Ba2 35. Kd3 Ka6 36. Nd6 Ka5 37. c4 Kb4 38. e5 h5 39. f5 gxf5 40. Ke3 Bxc4
41. Nxf5 Be6 42. Ng3 Bg4  0-1

[Event "2. Bundesliga Ost 2017/2018"]
[Site "alle Wien"]
[Date "2017.10.22"]
[Round "2"]
[Board "4"]
[White "Steiner, Adam"]
[Black "Schwab, Lukas"]
[Result "1-0"]
[WhiteElo "2179"]
[BlackElo "2196"]
[PlyCount "91"]
[EventDate "2017.10.21"]
[EventType "team"]
[EventRounds "11"]
[EventCountry "AUT"]
[WhiteTeam "L.A. Kraftanlage Ottakring 2"]
[BlackTeam "SC Donaustadt"]

1. e4 e5 2. f4 d5 3. exd5 exf4 4. Nf3 Nf6 5. Bb5+ Bd7 6. Qe2+ Qe7 7. Bxd7+
Nbxd7 8. c4 Qxe2+ 9. Kxe2 O-O-O 10. d4 Re8+ 11. Kd3 Ng4 12. Rf1 Ne3 13. Rf2 b5
14. cxb5 Nxd5 15. Nc3 N7b6 16. Nxd5 Nxd5 17. Ne5 f6 18. Nc6 Kb7 19. Bxf4 a6 20.
a4 Kb6 21. Kc4 Nxf4 22. Rxf4 Re2 23. b4 Bd6 24. Rf3 axb5+ 25. axb5 Rc2+ 26. Kd5
Kxb5 27. Ra5+ Kb6 28. Rfa3 Re8 29. Na7 c6+ 30. Kxd6 Rd8+ 31. Ke7 Rxd4 32. Re3
Rxb4 33. Raa3 Kc5 34. Rac3+ Rxc3 35. Rxc3+ Kd5 36. Nxc6 Rb7+ 37. Ke8 g5 38.
Ne7+ Ke5 39. Kf7 Rb2 40. g3 Rxh2 41. Re3+ Kd4 42. Nf5+ Kd5 43. Kxf6 h6 44. Kg6
Rf2 45. Nxh6 Kd4 46. Nf5+  1-0

[Event "2. Bundesliga Ost 2017/2018"]
[Site "alle Wien"]
[Date "2017.10.22"]
[Round "2"]
[Board "5"]
[White "Schwab, Rene"]
[Black "Bauer, Thomas"]
[Result "1-0"]
[WhiteElo "2139"]
[BlackElo "2168"]
[PlyCount "167"]
[EventDate "2017.10.21"]
[EventType "team"]
[EventRounds "11"]
[EventCountry "AUT"]
[WhiteTeam "SC Donaustadt"]
[BlackTeam "L.A. Kraftanlage Ottakring 2"]

1. e4 d6 2. d4 Nf6 3. Qd3 g6 4. c4 Bg7 5. Nc3 O-O 6. f3 Nbd7 7. Be3 c5 8. O-O-O
cxd4 9. Bxd4 Qa5 10. Kb1 a6 11. Qd2 Rd8 12. Nge2 e6 13. Nc1 Qc7 14. h4 b6 15.
g4 Nf8 16. h5 e5 17. Be3 Bb7 18. Qf2 Rab8 19. hxg6 fxg6 20. Bd3 Bc6 21. N1e2
Ne6 22. Qh2 Rd7 23. Ng3 Nf8 24. Bc2 b5 25. g5 Ne8 26. Bb3 b4 27. c5+ Kh8 28.
Nd5 Bxd5 29. Rxd5 dxc5 30. Rxd7 Qxd7 31. Bxc5 Qc7 32. Rc1 Rc8 33. Ne2 Qb8 34.
Bxf8 Rxc1+ 35. Nxc1 Bxf8 36. Bf7 Kg7 37. Bc4 Kh8 38. Bxa6 Ng7 39. Bc4 Be7 40.
Nd3 Bd6 41. Bf7 Nh5 42. Qh3 Qd8 43. Bd5 Ng7 44. Qg4 Qc7 45. b3 Qd8 46. Qg3 Qe7
47. Qg4 Qc7 48. Bc4 Qd8 49. Qg1 Nh5 50. Qe3 Qb8 51. Qg1 Qd8 52. Qg4 Ng7 53. Bd5
Qc7 54. Qg2 Nh5 55. Bc4 Qd8 56. Qd2 Qe7 57. Qe3 Qd8 58. Kc2 Qa5 59. Kb2 Qa3+
60. Kb1 Qa5 61. Bd5 Qd8 62. Qc1 Qf8 63. Qe3 Qd8 64. Be6 Qc7 65. Bc4 Qd8 66. Kb2
Qa5 67. Qf2 Qa3+ 68. Kb1 Qa5 69. Qb2 Qb6 70. Qd2 Qd4 71. Kc2 Qb6 72. Bd5 Qd4
73. Qe1 Ng3 74. Bc4 Nh5 75. Nxb4 Bxb4 76. Qxb4 Qf2+ 77. Qd2 Qb6 78. Qd7 Qb8 79.
Qf7 Ng7 80. a4 Qd8 81. a5 Qb8 82. a6 Qd8 83. a7 Nh5 84. Qg8+  1-0

[Event "2. Bundesliga Ost 2017/2018"]
[Site "alle Wien"]
[Date "2017.10.22"]
[Round "2"]
[Board "6"]
[White "Plank, Franz"]
[Black "Hofbauer, Peter"]
[Result "1/2-1/2"]
[WhiteElo "2197"]
[BlackElo "2046"]
[PlyCount "148"]
[EventDate "2017.10.21"]
[EventType "team"]
[EventRounds "11"]
[EventCountry "AUT"]
[WhiteTeam "L.A. Kraftanlage Ottakring 2"]
[BlackTeam "SC Donaustadt"]

1. e4 d6 2. c4 e5 3. d4 exd4 4. Qxd4 Nc6 5. Qd2 Nf6 6. Nc3 Be7 7. Nf3 O-O 8.
Be2 Re8 9. Nd4 Nd7 10. f3 Nxd4 11. Qxd4 c6 12. Be3 Nf8 13. O-O b6 14. Rad1 Bb7
15. Qd2 Qc7 16. Bf4 Rad8 17. b4 Qc8 18. b5 c5 19. Nd5 Bxd5 20. exd5 Bf6 21. Bd3
Bd4+ 22. Kh1 Ng6 23. Bxg6 hxg6 24. Rfe1 Rxe1+ 25. Rxe1 Qf5 26. Re4 f6 27. Qe2
Be5 28. Bd2 g5 29. g3 Qh3 30. Qg2 Qh7 31. Kg1 Qg6 32. Qf1 f5 33. Re1 g4 34. Qd3
Qh5 35. Rf1 Bd4+ 36. Kh1 Re8 37. Bf4 Be5 38. fxg4 fxg4 39. Bd2 Rf8 40. Rxf8+
Kxf8 41. Bc1 Qf7 42. Kg2 Qf6 43. Qe4 Bd4 44. Qf4 Kf7 45. h3 gxh3+ 46. Kxh3 Be5
47. Qxf6+ gxf6 48. g4 Kg6 49. Kg2 f5 50. Kf3 Bf6 51. Bd2 Be7 52. a4 Bd8 53. Bf4
Bc7 54. Kg3 Kf6 55. Kf3 Kg6 56. Bg3 Kg5 57. Bf4+ Kf6 58. Bd2 fxg4+ 59. Kf4 g3
60. Bc3+ Ke7 61. Kxg3 Kd7 62. Kf4 Bb8 63. Kf5 Bc7 64. Kf6 Bb8 65. Kf7 Bc7 66.
Bd2 Bb8 67. a5 Bc7 68. a6 Bb8 69. Bg5 Bc7 70. Be7 Bb8 71. Bf8 Bc7 72. Be7 Bb8
73. Bf8 Bc7 74. Be7 Bb8  1/2-1/2

[Event "2. Bundesliga Ost 2017/2018"]
[Site "alle Wien"]
[Date "2017.10.22"]
[Round "2"]
[Board "1"]
[White "Zilka, Stepan"]
[Black "Schroll, Gerhard"]
[Result "1-0"]
[WhiteElo "2527"]
[BlackElo "2293"]
[PlyCount "149"]
[EventDate "2017.10.21"]
[EventType "team"]
[EventRounds "11"]
[EventCountry "AUT"]
[WhiteTeam "Blackburne Nickelsdorf"]
[BlackTeam "ASVOE Mattersburg"]

1. e4 Nf6 2. e5 Nd5 3. d4 d6 4. c4 Nb6 5. exd6 exd6 6. Nc3 Nc6 7. h3 Be7 8. Nf3
O-O 9. Bd3 Nb4 10. Bb1 c6 11. a3 Na6 12. O-O d5 13. c5 Nd7 14. b4 Nc7 15. a4 a6
16. Ra2 Re8 17. Re1 Bf6 18. Rxe8+ Nxe8 19. Re2 Nf8 20. Bf4 Be6 21. Bg3 g6 22.
Qd2 Ng7 23. Be5 Nd7 24. Bxf6 Qxf6 25. Kh2 Re8 26. Qg5 Qxg5 27. Nxg5 f6 28. Nf3
Kf8 29. Rb2 Ra8 30. Bd3 Nf5 31. Ne2 Ne7 32. Nc1 b5 33. Ra2 Rb8 34. axb5 axb5
35. Nb3 Rb7 36. Ra6 Kf7 37. Na5 Rc7 38. g4 h6 39. Kg3 g5 40. h4 Nf8 41. Ng1 Bc8
42. Ra8 Ne6 43. Ne2 Ng6 44. hxg5 hxg5 45. Bf5 Ne7 46. Bc2 Ng6 47. Nb3 Nef4 48.
Nxf4 Nxf4 49. Kf3 Ke7 50. Na5 Ne6 51. Ke3 Nd8 52. f3 Be6 53. Bg6 Bc8 54. Kf2
Bd7 55. Ke3 Bc8 56. Nb3 Bd7 57. Ra1 Ne6 58. Rh1 Nf8 59. Bd3 Ra7 60. Na5 Rc7 61.
Kf2 Kf7 62. Bb1 Kg7 63. Kg3 Be8 64. Re1 Bg6 65. Bf5 Bxf5 66. gxf5 Kf7 67. Kg4
Nd7 68. Re6 Nb8 69. Rd6 Kg7 70. Kg3 Kf7 71. Kf2 Kg7 72. Ke3 Kf7 73. Kd2 Ke7 74.
Kc3 Kf7 75. Rd8  1-0

[Event "2. Bundesliga Ost 2017/2018"]
[Site "alle Wien"]
[Date "2017.10.22"]
[Round "2"]
[Board "3"]
[White "Lendwai, Reinhard"]
[Black "Petran, Peter"]
[Result "1/2-1/2"]
[WhiteElo "2389"]
[BlackElo "2315"]
[PlyCount "72"]
[EventDate "2017.10.21"]
[EventType "team"]
[EventRounds "11"]
[EventCountry "AUT"]
[WhiteTeam "Blackburne Nickelsdorf"]
[BlackTeam "ASVOE Mattersburg"]

1. d4 f5 2. Nf3 g6 3. c4 Bg7 4. Nc3 d6 5. g3 c6 6. Bg2 Nh6 7. b3 O-O 8. O-O Nf7
9. Re1 e5 10. dxe5 dxe5 11. Qxd8 Rxd8 12. e4 Na6 13. Ba3 Re8 14. Rad1 f4 15. h3
g5 16. g4 Bf8 17. Bxf8 Kxf8 18. Rd2 Be6 19. Red1 Ke7 20. Ne1 h5 21. f3 Rad8 22.
Rxd8 Nxd8 23. Nd3 Nf7 24. c5 b6 25. cxb6 axb6 26. Na4 hxg4 27. hxg4 Rd8 28.
Nxb6 Nb4 29. Bf1 Nxa2 30. Ra1 Rb8 31. Rxa2 Rxb6 32. Nc5 Kd6 33. Nxe6 Kxe6 34.
Bc4+ Kf6 35. Ra7 Nd6 36. Rc7 Nxc4  1/2-1/2

[Event "2. Bundesliga Ost 2017/2018"]
[Site "alle Wien"]
[Date "2017.10.22"]
[Round "2"]
[Board "4"]
[White "Strodl, Joachim"]
[Black "Bury, Rastislav"]
[Result "1-0"]
[WhiteElo "2164"]
[BlackElo "2158"]
[PlyCount "77"]
[EventDate "2017.10.21"]
[EventType "team"]
[EventRounds "11"]
[EventCountry "AUT"]
[WhiteTeam "ASVOE Mattersburg"]
[BlackTeam "Blackburne Nickelsdorf"]

1. c4 Nf6 2. g3 e6 3. Bg2 d5 4. Nf3 Be7 5. O-O O-O 6. b3 b6 7. Bb2 Bb7 8. e3
Nbd7 9. d4 Ne4 10. Nc3 Ndf6 11. Nd2 Nxc3 12. Bxc3 Qc8 13. Bh3 c5 14. dxc5 dxc4
15. bxc4 Qc6 16. f3 Bxc5 17. Qe2 Rac8 18. Rfc1 Rfd8 19. Bg2 Rd7 20. Rc2 Rcd8
21. Kh1 Rd3 22. Nf1 Qc7 23. Rac1 Ba3 24. Rb1 R3d7 25. e4 Rd3 26. Rb3 Rxc3 27.
Rbxc3 Bc5 28. Rd3 Rc8 29. Qd1 Bc6 30. Rcd2 Be7 31. Ne3 h5 32. Nf1 Be8 33. Ne3
Bc6 34. Qe2 Nd7 35. f4 Nc5 36. Rd4 Nxe4 37. Bxe4 Bxe4+ 38. Rxe4 Qc6 39. Ng2  1-0

[Event "2. Bundesliga Ost 2017/2018"]
[Site "alle Wien"]
[Date "2017.10.22"]
[Round "2"]
[Board "5"]
[White "Bachofner, Andreas"]
[Black "Salamon, Werner"]
[Result "1/2-1/2"]
[WhiteElo "2186"]
[BlackElo "2162"]
[PlyCount "61"]
[EventDate "2017.10.21"]
[EventType "team"]
[EventRounds "11"]
[EventCountry "AUT"]
[WhiteTeam "Blackburne Nickelsdorf"]
[BlackTeam "ASVOE Mattersburg"]

1. e4 e5 2. Nf3 Nc6 3. d4 exd4 4. Nxd4 Bc5 5. Nxc6 Qf6 6. Qf3 bxc6 7. Nd2 d6 8.
Bd3 Qxf3 9. gxf3 Ne7 10. Nb3 Bb6 11. Be3 O-O 12. h4 Bxe3 13. fxe3 f5 14. f4
fxe4 15. Bxe4 Bf5 16. Bf3 Rae8 17. Nd4 Nd5 18. Bxd5+ cxd5 19. Nxf5 Rxf5 20. Kd2
d4 21. Rae1 Kf7 22. Rhf1 Re4 23. Kd3 d5 24. c4 Rxe3+ 25. Rxe3 dxe3 26. Kxe3
dxc4 27. Rc1 Rc5 28. Kd4 Rf5 29. Ke4 Rc5 30. Kd4 Rf5 31. Ke4  1/2-1/2

[Event "2. Bundesliga Ost 2017/2018"]
[Site "alle Wien"]
[Date "2017.10.22"]
[Round "2"]
[Board "6"]
[White "Wiedner, Robert"]
[Black "Gutsch, Franz"]
[Result "0-1"]
[WhiteElo "2157"]
[BlackElo "2078"]
[PlyCount "38"]
[EventDate "2017.10.21"]
[EventType "team"]
[EventRounds "11"]
[EventCountry "AUT"]
[WhiteTeam "ASVOE Mattersburg"]
[BlackTeam "Blackburne Nickelsdorf"]

1. e4 e6 2. d3 d5 3. Nd2 Nf6 4. g3 dxe4 5. dxe4 Nc6 6. Ngf3 Bc5 7. Bb5 O-O 8.
O-O a6 9. Bxc6 bxc6 10. Nb3 Qxd1 11. Rxd1 Bb6 12. e5 Ng4 13. Nbd4 c5 14. h3
Nxf2 15. Kxf2 cxd4 16. Nxd4 f6 17. Ke2 fxe5 18. Nf3 e4 19. Ng5 h6  0-1

[Event "2. Bundesliga Ost 2017/2018"]
[Site "alle Wien"]
[Date "2017.10.22"]
[Round "2"]
[Board "1"]
[White "Horvath, Dominik"]
[Black "Sadilek, Peter"]
[Result "1/2-1/2"]
[WhiteElo "2369"]
[BlackElo "2298"]
[PlyCount "62"]
[EventDate "2017.10.21"]
[EventType "team"]
[EventRounds "11"]
[EventCountry "AUT"]
[WhiteTeam "ASVOE Pamhagen 2"]
[BlackTeam "tschaturanga"]

1. c4 Nf6 2. Nc3 c5 3. Nf3 g6 4. e4 Nc6 5. d4 cxd4 6. Nxd4 Nxd4 7. Qxd4 d6 8.
Be2 Bg7 9. Be3 O-O 10. Qd2 Be6 11. Rc1 Qa5 12. f3 Rfc8 13. b3 a6 14. Na4 Qxd2+
15. Kxd2 Nd7 16. g4 Rab8 17. Nc3 Ra8 18. Nd5 Bxd5 19. cxd5 Bb2 20. Rc2 Ba3 21.
Rb1 Bb4+ 22. Kd1 Rxc2 23. Kxc2 Rc8+ 24. Kb2 f5 25. gxf5 gxf5 26. Rg1+ Kf7 27.
Bd4 Bc5 28. Rg7+ Kf8 29. Bc3 Bb4 30. Bd4 Bc5 31. Bc3 Bb4  1/2-1/2

[Event "2. Bundesliga Ost 2017/2018"]
[Site "alle Wien"]
[Date "2017.10.22"]
[Round "2"]
[Board "2"]
[White "Kreindl, Helmut"]
[Black "Lipka, Juraj"]
[Result "0-1"]
[WhiteElo "2189"]
[BlackElo "2416"]
[PlyCount "108"]
[EventDate "2017.10.21"]
[EventType "team"]
[EventRounds "11"]
[EventCountry "AUT"]
[WhiteTeam "tschaturanga"]
[BlackTeam "ASVOE Pamhagen 2"]

1. d4 d5 2. Nf3 Nf6 3. e3 c5 4. Be2 Nbd7 5. O-O g6 6. c3 Bg7 7. Nbd2 O-O 8. b3
b6 9. Bb2 Bb7 10. Rc1 Rc8 11. Rc2 Rc7 12. Qb1 Ne4 13. Nxe4 dxe4 14. Nd2 e5 15.
dxc5 Nxc5 16. Rd1 Qg5 17. Ba3 f5 18. Bxc5 bxc5 19. Nc4 f4 20. Bf1 Bh6 21. Rd6
Qf5 22. Qd1 Bg5 23. Rcd2 Rcf7 24. exf4 Bxf4 25. Re2 e3 26. f3 e4 27. fxe4 Bxe4
28. Rd8 Bxh2+ 29. Kxh2 Qf4+ 30. g3 Qxf1 31. Rxf8+ Kxf8 32. Qxf1 Rxf1 33. g4 Bd3
34. Rxe3 Bxc4 35. bxc4 Rf2+ 36. Kg3 Rxa2 37. Kf4 Rf2+ 38. Ke5 a5 39. Kd5 a4 40.
Kxc5 a3 41. Re1 a2 42. Ra1 h5 43. gxh5 gxh5 44. Kd6 Ke8 45. c5 Kd8 46. c6 Rd2+
47. Kc5 h4 48. Rf1 h3 49. Rf8+ Kc7 50. Rf7+ Kc8 51. Rf8+ Rd8 52. Rf1 h2 53. Kb6
Rh8 54. Rh1 Kb8  0-1

[Event "2. Bundesliga Ost 2017/2018"]
[Site "alle Wien"]
[Date "2017.10.22"]
[Round "2"]
[Board "3"]
[White "Vitouch, Anatol"]
[Black "Morgunov, Marc"]
[Result "1/2-1/2"]
[WhiteElo "2330"]
[BlackElo "2203"]
[PlyCount "49"]
[EventDate "2017.10.21"]
[EventType "team"]
[EventRounds "11"]
[EventCountry "AUT"]
[WhiteTeam "ASVOE Pamhagen 2"]
[BlackTeam "tschaturanga"]

1. c4 Nf6 2. g3 g6 3. Bg2 Bg7 4. Nc3 O-O 5. e4 d6 6. Nge2 e5 7. O-O Nc6 8. d3
a6 9. Nd5 Ne8 10. Be3 Nd4 11. Qd2 c6 12. Ndc3 b5 13. b4 Be6 14. Rfc1 a5 15.
bxa5 b4 16. Nd1 c5 17. Bxd4 exd4 18. a3 Qxa5 19. axb4 Qxa1 20. Rxa1 Rxa1 21. b5
Nc7 22. Nc1 Na8 23. Nb3 Ra3 24. Na5 Nb6 25. Nb7  1/2-1/2

[Event "2. Bundesliga Ost 2017/2018"]
[Site "alle Wien"]
[Date "2017.10.22"]
[Round "2"]
[Board "4"]
[White "Sadilek, Maximilian"]
[Black "Rubil, Marko"]
[Result "1-0"]
[WhiteElo "2271"]
[BlackElo "2252"]
[PlyCount "47"]
[EventDate "2017.10.21"]
[EventType "team"]
[EventRounds "11"]
[EventCountry "AUT"]
[WhiteTeam "tschaturanga"]
[BlackTeam "ASVOE Pamhagen 2"]

1. Nc3 e5 2. Nf3 Nc6 3. e4 Nf6 4. d4 exd4 5. Nd5 Be7 6. Bc4 O-O 7. O-O d6 8.
Nxd4 Ne5 9. Bb3 c5 10. Nf5 Bxf5 11. exf5 c4 12. Ba4 Nxd5 13. Qxd5 Qc8 14. Re1
Bf6 15. f4 Nd7 16. Bxd7 Qxd7 17. Be3 Bxb2 18. Rab1 Bc3 19. Rxb7 Qa4 20. Rxf7
Rxf7 21. Qxa8+ Rf8 22. Qd5+ Kh8 23. Qxd6 Qe8 24. Bd2  1-0

[Event "2. Bundesliga Ost 2017/2018"]
[Site "alle Wien"]
[Date "2017.10.22"]
[Round "2"]
[Board "5"]
[White "Alvir, Aco"]
[Black "Leitner, Gerald"]
[Result "1-0"]
[WhiteElo "2337"]
[BlackElo "2118"]
[PlyCount "115"]
[EventDate "2017.10.21"]
[EventType "team"]
[EventRounds "11"]
[EventCountry "AUT"]
[WhiteTeam "ASVOE Pamhagen 2"]
[BlackTeam "tschaturanga"]

1. e4 e5 2. Nf3 Nc6 3. Bb5 Nf6 4. d3 d6 5. c3 Bd7 6. O-O Be7 7. Re1 O-O 8. Ba4
Re8 9. Nbd2 Bf8 10. Nf1 g6 11. Bb3 Bg7 12. h3 Na5 13. Bc2 c5 14. Bg5 h6 15. Bh4
b5 16. Rc1 Rc8 17. Ne3 Be6 18. a3 Qb6 19. b4 Nc6 20. Bb3 a5 21. Bxe6 fxe6 22.
Bxf6 Bxf6 23. Qb3 cxb4 24. axb4 a4 25. Qa2 Qa7 26. Qd2 Kh7 27. Ra1 Rb8 28. Ra3
Qf7 29. Rb1 d5 30. Ng4 Bg7 31. Qe1 Qe7 32. Ra2 h5 33. Ne3 d4 34. cxd4 exd4 35.
Nc2 e5 36. Na3 Bh6 37. Rc2 Rb6 38. Rc5 Reb8 39. h4 Qf6 40. Rb2 Bf8 41. Rd5 Bd6
42. Ng5+ Kg8 43. f4 exf4 44. e5 Bxe5 45. Re2 f3 46. Nxf3 Bf4 47. Re8+ Kg7 48.
Rd7+ Kh6 49. Re6 Qf5 50. Ng5 Bxg5 51. hxg5+ Qxg5 52. Rdd6 Nxb4 53. Re5 Nxd3 54.
Rxg5 Nxe1 55. Rgxg6+ Kh7 56. Rxb6 b4 57. Rxb8 bxa3 58. Ra6  1-0

[Event "2. Bundesliga Ost 2017/2018"]
[Site "alle Wien"]
[Date "2017.10.22"]
[Round "2"]
[Board "6"]
[White "Rother, Moritz"]
[Black "Franzen, Jozef"]
[Result "0-1"]
[WhiteElo "2106"]
[BlackElo "2267"]
[PlyCount "62"]
[EventDate "2017.10.21"]
[EventType "team"]
[EventRounds "11"]
[EventCountry "AUT"]
[WhiteTeam "tschaturanga"]
[BlackTeam "ASVOE Pamhagen 2"]

1. d4 Nf6 2. c4 g6 3. g3 Bg7 4. Bg2 O-O 5. Nf3 d6 6. O-O Nbd7 7. Nc3 c6 8. e4
e5 9. d5 cxd5 10. cxd5 Nc5 11. Nd2 Nd3 12. Nc4 Nxc1 13. Rxc1 Ne8 14. a4 f5 15.
f3 h5 16. Bh3 f4 17. Bxc8 Rxc8 18. Qb3 Rf7 19. Kg2 Bh6 20. Rc2 Rh7 21. Rff2
fxg3 22. hxg3 h4 23. g4 h3+ 24. Kh1 Qh4 25. Nd1 Bf4 26. Nce3 Rhc7 27. Rxc7 Rxc7
28. Qb5 Nf6 29. Qa5 Rc1 30. Qd8+ Kf7 31. Qxd6 Bxe3  0-1

[Event "2. Bundesliga Ost 2017/2018"]
[Site "alle Wien"]
[Date "2017.10.22"]
[Round "2"]
[Board "1"]
[White "Juhasz, Armin"]
[Black "Lizak, Peter"]
[Result "1/2-1/2"]
[WhiteElo "2363"]
[BlackElo "2451"]
[PlyCount "80"]
[EventDate "2017.10.21"]
[EventType "team"]
[EventRounds "11"]
[EventCountry "AUT"]
[WhiteTeam "SK Sparkasse Bad Voeslau"]
[BlackTeam "SC Data Technology Pressbaum/E."]

1. Nf3 g6 2. e4 Bg7 3. d4 d6 4. Be2 Nf6 5. Nc3 O-O 6. O-O Nc6 7. Be3 e5 8. dxe5
Nxe5 9. Nxe5 dxe5 10. Bc5 Re8 11. Qxd8 Rxd8 12. Rfd1 Be6 13. h3 a6 14. Be7 Rd4
15. Bc5 Rd7 16. Rxd7 Nxd7 17. Be3 Bf8 18. Rd1 Bd6 19. b3 Kf8 20. Kf1 Ke7 21.
Nd5+ Bxd5 22. Rxd5 c6 23. Rd1 Nc5 24. Bxc5 Bxc5 25. Bg4 Bd6 26. Be2 a5 27. a4
Rf8 28. g4 h6 29. Bd3 Bc5 30. Ke2 Bd4 31. Rc1 Bc3 32. Bc4 Rb8 33. Kd3 Bb2 34.
Rb1 Rd8+ 35. Ke2 Bd4 36. Rc1 Bb2 37. Rb1 Bd4 38. Rc1 Rb8 39. c3 Bc5 40. Rb1 b5
 1/2-1/2

[Event "2. Bundesliga Ost 2017/2018"]
[Site "alle Wien"]
[Date "2017.10.22"]
[Round "2"]
[Board "2"]
[White "Videki, Sandor"]
[Black "Juhasz, Kristof"]
[Result "1/2-1/2"]
[WhiteElo "2416"]
[BlackElo "2404"]
[PlyCount "49"]
[EventDate "2017.10.21"]
[EventType "team"]
[EventRounds "11"]
[EventCountry "AUT"]
[WhiteTeam "SC Data Technology Pressbaum/E."]
[BlackTeam "SK Sparkasse Bad Voeslau"]

1. e4 e6 2. d4 d5 3. Bd3 c5 4. exd5 exd5 5. Nf3 Nc6 6. dxc5 Bxc5 7. O-O Nf6 8.
Nbd2 O-O 9. Nb3 Be7 10. c3 Re8 11. Nbd4 Bc5 12. Be3 Bb6 13. h3 Bd7 14. Re1 Rc8
15. a3 Ne4 16. Qc2 g6 17. Rad1 Na5 18. Nb5 Bxe3 19. Rxe3 Nc5 20. b4 Nxd3 21.
Qxd3 Nc4 22. Rxe8+ Bxe8 23. Qxd5 Qxd5 24. Rxd5 a6 25. Nd6  1/2-1/2

[Event "2. Bundesliga Ost 2017/2018"]
[Site "alle Wien"]
[Date "2017.10.22"]
[Round "2"]
[Board "3"]
[White "Plachetka, Jan"]
[Black "Rumpl, Erwin"]
[Result "1/2-1/2"]
[WhiteElo "2314"]
[BlackElo "2267"]
[PlyCount "44"]
[EventDate "2017.10.21"]
[EventType "team"]
[EventRounds "11"]
[EventCountry "AUT"]
[WhiteTeam "SK Sparkasse Bad Voeslau"]
[BlackTeam "SC Data Technology Pressbaum/E."]

1. e4 e6 2. d4 b6 3. Bd3 Bb7 4. Nf3 c5 5. c3 Nf6 6. Nbd2 Be7 7. O-O cxd4 8.
cxd4 Ba6 9. Bxa6 Nxa6 10. a3 O-O 11. Qe2 Nb8 12. Rd1 d5 13. e5 Nfd7 14. Nf1 Qc8
15. Bg5 Bxg5 16. Nxg5 h6 17. Nf3 Qa6 18. Rd3 Nc6 19. Rad1 Rfc8 20. h4 Nf8 21.
h5 Rc7 22. Qd2 Rac8  1/2-1/2

[Event "2. Bundesliga Ost 2017/2018"]
[Site "alle Wien"]
[Date "2017.10.22"]
[Round "2"]
[Board "4"]
[White "Neumeier, Klaus"]
[Black "Wilke, Werner"]
[Result "1-0"]
[WhiteElo "2302"]
[BlackElo "2248"]
[PlyCount "115"]
[EventDate "2017.10.21"]
[EventType "team"]
[EventRounds "11"]
[EventCountry "AUT"]
[WhiteTeam "SC Data Technology Pressbaum/E."]
[BlackTeam "SK Sparkasse Bad Voeslau"]

1. Nf3 d6 2. d4 Bg4 3. c4 c6 4. Nc3 Nd7 5. g3 Bxf3 6. exf3 g6 7. f4 e6 8. d5
exd5 9. cxd5 c5 10. Bh3 Bg7 11. O-O Ne7 12. Qa4 f5 13. Qb3 Rb8 14. a4 a6 15. a5
O-O 16. Re1 Re8 17. Bd2 Qc7 18. Bf1 Kf7 19. Na4 Ng8 20. Re6 Nf8 21. Rxe8 Rxe8
22. Nb6 Nf6 23. f3 N8d7 24. Nc4 Kf8 25. Qd3 Re7 26. Bc3 Ne8 27. g4 fxg4 28.
fxg4 Ndf6 29. h3 Ne4 30. Bxg7+ Nxg7 31. Bg2 Nf6 32. Rf1 Kg8 33. Qd2 Qd7 34. Re1
Qe8 35. Rxe7 Qxe7 36. Qe3 Kf7 37. Kf2 Qxe3+ 38. Kxe3 Ke7 39. Bf3 Nge8 40. g5
Nd7 41. Bg4 Nc7 42. Ke4 h5 43. Bxd7 Kxd7 44. Nb6+ Ke7 45. f5 Kf7 46. h4 Nb5 47.
fxg6+ Kxg6 48. Nc4 Kf7 49. Ne3 Kg6 50. Ng2 c4 51. Nf4+ Kf7 52. Nxh5 c3 53. bxc3
Nxc3+ 54. Kf5 Nxd5 55. g6+ Kf8 56. g7+ Kf7 57. g8=Q+ Kxg8 58. Nf6+  1-0

[Event "2. Bundesliga Ost 2017/2018"]
[Site "alle Wien"]
[Date "2017.10.22"]
[Round "2"]
[Board "5"]
[White "Lampl, Gerald"]
[Black "Hechl, Gerald"]
[Result "1/2-1/2"]
[WhiteElo "2108"]
[BlackElo "2325"]
[PlyCount "82"]
[EventDate "2017.10.21"]
[EventType "team"]
[EventRounds "11"]
[EventCountry "AUT"]
[WhiteTeam "SK Sparkasse Bad Voeslau"]
[BlackTeam "SC Data Technology Pressbaum/E."]

1. d4 Nf6 2. c4 g6 3. Nf3 Bg7 4. g3 O-O 5. Bg2 d6 6. O-O Nc6 7. Nc3 a6 8. d5
Na5 9. b3 c5 10. Bb2 Rb8 11. Nd2 b5 12. Qc2 h5 13. Rab1 Bf5 14. e4 Bd7 15. Nd1
e5 16. Ne3 Ng4 17. Nxg4 hxg4 18. Rfe1 Bh6 19. Bc3 b4 20. Bb2 Qg5 21. Bc1 Qh5
22. f3 Nb7 23. fxg4 Bxg4 24. Nf1 Bxc1 25. Rbxc1 Bd7 26. Qe2 Qxe2 27. Rxe2 a5
28. a4 bxa3 29. Ra2 Ra8 30. Rxa3 Ra6 31. Nd2 Rb6 32. Bf1 Ra8 33. Bd3 Rb4 34.
Rca1 Kf8 35. Kf2 Ke7 36. h4 f6 37. Ke3 Rh8 38. Bc2 Rb6 39. Rh1 g5 40. Raa1 gxh4
41. gxh4 Ra6  1/2-1/2

[Event "2. Bundesliga Ost 2017/2018"]
[Site "alle Wien"]
[Date "2017.10.22"]
[Round "2"]
[Board "6"]
[White "Schmidrathner, Christian"]
[Black "Dittel, Herbert"]
[Result "1/2-1/2"]
[WhiteElo "2049"]
[BlackElo "2067"]
[PlyCount "86"]
[EventDate "2017.10.21"]
[EventType "team"]
[EventRounds "11"]
[EventCountry "AUT"]
[WhiteTeam "SC Data Technology Pressbaum/E."]
[BlackTeam "SK Sparkasse Bad Voeslau"]

1. e4 c5 2. Nf3 d6 3. d4 cxd4 4. Nxd4 Nf6 5. Nc3 a6 6. Bg5 e6 7. f4 Be7 8. Qf3
Qc7 9. O-O-O Nbd7 10. g4 b5 11. Bxf6 Nxf6 12. g5 Nd7 13. a3 Rb8 14. Na2 Nc5 15.
Bh3 a5 16. Qc3 Qb6 17. Rhe1 b4 18. Qe3 bxa3 19. Qxa3 Nxe4 20. Rxe4 d5 21. Qc3
dxe4 22. Nc6 Ra8 23. Nxe7 Kxe7 24. Qxg7 Rf8 25. Qf6+ Ke8 26. Nc3 Bb7 27. Bf1
Bc6 28. f5 Rd8 29. fxe6 Rxd1+ 30. Nxd1 Qc7 31. e7 Rg8 32. Bc4 Qxe7 33. Qxc6+
Kf8 34. Qh6+ Rg7 35. Ne3 Qxg5 36. Qd6+ Ke8 37. Qc6+ Ke7 38. Qc7+ Ke8 39. Qc8+
Ke7 40. Qc7+ Ke8 41. Qc6+ Ke7 42. Kd2 Qf4 43. Qc5+ Kf6  1/2-1/2